| 000 | 00521nam a2200217Ia 4500 | ||
|---|---|---|---|
| 008 | 170918s9999 xx 000 0 und d | ||
| 020 | _a9780545560214 | ||
| 050 | _bS857mi 2012 | ||
| 100 | _aStilton, Geronimo | ||
| 245 | 4 | _aThe mouse hoax / | |
| 245 | _cby Geronimo Stilton. | ||
| 260 | _aNew York : | ||
| 260 | _bScholastic, | ||
| 260 | _c2012 | ||
| 300 | _a76 pages : | ||
| 300 | _bcolor illustrations ; | ||
| 300 | _c14cm. | ||
| 300 | _eGeronimo Stilton Mini Mystery ; | ||
| 440 | _a3 | ||
| 500 | _a500 | ||
| 999 |
_c343725 _d343725 |
||